[Event "Montigny le Bretonneux-C 14th"]
[Site "Montigny le Bretonneux"]
[Date "2015.10.19"]
[Round "3.1"]
[White "Branson, James"]
[Black "Denechaud, Bernard"]
[Result "1-0"]
[WhiteElo "1642"]
[BlackElo "1613"]
[PlyCount "55"]
[EventDate "2015.10.17"]
[EventType "tourn"]
[EventRounds "9"]
[EventCountry "FRA"]
[SourceTitle "EXT 2024"]
[Source "ChessBase"]
[SourceDate "2023.10.10"]
[SourceVersion "1"]
[SourceVersionDate "2023.10.10"]
[SourceQuality "1"]

1. d4 Nf6 2. c4 e6 3. Qc2 c5 4. Nf3 cxd4 5. Nxd4 a6 6. e4 Qc7 7. f4 d6 8. Bd3 Be7 9. Be3 Nbd7 10. Nb3 b6 11. 0-0 Bb7 12. Nc3 0-0 13. Rf3 Rac8 14. Rh3 e5 15. Nd5 Nxd5 16. exd5 g6 17. Qf2 Rb8 18. f5 Bc8 19. Bh6 Re8 20. fxg6 fxg6 21. Rf1 Nf6 22. Rg3 Bf8 23. Bxg6 hxg6 24. Rxg6+ Kh7 25. Qxf6 Qe7 26. Bxf8 Rxf8 27. Rh6+ Kg8 28. Qh8# 1-0

[Event "Montigny le Bretonneux op 13th"]
[Site "Montigny le Bretonneux"]
[Date "2014.10.26"]
[Round "9"]
[White "Denechaud, Bernard"]
[Black "Rousseau, Matthieu"]
[Result "0-1"]
[WhiteElo "1588"]
[BlackElo "1664"]
[PlyCount "46"]
[EventDate "2014.10.18"]
[EventType "swiss"]
[EventRounds "9"]
[EventCountry "FRA"]
[SourceTitle "EXT 2016"]
[Source "ChessBase"]
[SourceDate "2015.10.08"]
[SourceVersion "1"]
[SourceVersionDate "2015.10.08"]
[SourceQuality "1"]

1. d4 e6 2. c4 d5 3. Nc3 Nf6 4. cxd5 exd5 5. Bg5 c6 6. e3 Bd6 7. Qc2 h6 8. Bh4 Be6 9. Bd3 Nbd7 10. f3 Qc7 11. Nge2 Rc8 12. Bg3 a6 13. Bxd6 Qxd6 14. Nf4 c5 15. Nxe6 Qxe6 16. Qe2 c4 17. Bc2 b5 18. b4 cxb3 19. Bxb3 Rxc3 20. 0-0 Rxe3 21. Qf2 0-0 22. Rfe1 Re8 23. Kf1 Nb6 0-1

[Event "Montigny le Bretonneux op 13th"]
[Site "Montigny le Bretonneux"]
[Date "2014.10.24"]
[Round "7"]
[White "Denechaud, Bernard"]
[Black "Fruchard, Alois"]
[Result "1-0"]
[WhiteElo "1588"]
[BlackElo "1120"]
[PlyCount "75"]
[EventDate "2014.10.18"]
[EventType "swiss"]
[EventRounds "9"]
[EventCountry "FRA"]
[SourceTitle "EXT 2016"]
[Source "ChessBase"]
[SourceDate "2015.10.08"]
[SourceVersion "1"]
[SourceVersionDate "2015.10.08"]
[SourceQuality "1"]

1. d4 d5 2. c4 e6 3. Nc3 Nf6 4. cxd5 exd5 5. Bg5 Be7 6. e3 0-0 7. Bd3 Nc6 8. a3 Bg4 9. f3 Be6 10. Nge2 h6 11. Bh4 a6 12. 0-0 Bd6 13. e4 Be7 14. e5 Nd7 15. Bf2 f6 16. Nf4 Bf7 17. e6 Bd6 18. exf7+ Rxf7 19. Ncxd5 Rf8 20. Qc2 Ne7 21. Nxe7+ Qxe7 22. Ng6 Qf7 23. Bc4 Nb6 24. Bxf7+ Rxf7 25. Bg3 Rd8 26. Bxd6 Rxd6 27. Rfe1 Rd8 28. Qb3 Rdd7 29. Re8+ Kh7 30. Qd3 f5 31. Nf8+ Kg8 32. Nxd7+ Kh7 33. Rae1 Nxd7 34. R1e7 Rxe7 35. Qxf5+ g6 36. Rxe7+ Kh8 37. Qxd7 c6 38. Qd8# 1-0

[Event "Montigny le Bretonneux op 13th"]
[Site "Montigny le Bretonneux"]
[Date "2014.10.21"]
[Round "4"]
[White "Mongey, Alain"]
[Black "Denechaud, Bernard"]
[Result "1/2-1/2"]
[WhiteElo "1670"]
[BlackElo "1588"]
[PlyCount "38"]
[EventDate "2014.10.18"]
[EventType "swiss"]
[EventRounds "9"]
[EventCountry "FRA"]
[SourceTitle "EXT 2016"]
[Source "ChessBase"]
[SourceDate "2015.10.08"]
[SourceVersion "1"]
[SourceVersionDate "2015.10.08"]
[SourceQuality "1"]

1. d4 Nf6 2. Nf3 e6 3. Bg5 h6 4. Bh4 Be7 5. e3 b6 6. c4 Bb7 7. Nc3 d5 8. Be2 0-0 9. 0-0 Nbd7 10. Rc1 c5 11. cxd5 Nxd5 12. Bxe7 Qxe7 13. dxc5 Nxc3 14. Rxc3 Nxc5 15. Qc1 Rac8 16. Rd1 Ne4 17. Rxc8 Rxc8 18. Qb1 Nc5 19. h3 Rd8 1/2-1/2

[Event "Montigny le Bretonneux op 13th"]
[Site "Montigny le Bretonneux"]
[Date "2014.10.19"]
[Round "2"]
[White "Krestinine, Michka"]
[Black "Denechaud, Bernard"]
[Result "0-1"]
[WhiteElo "1527"]
[BlackElo "1588"]
[PlyCount "106"]
[EventDate "2014.10.18"]
[EventType "swiss"]
[EventRounds "9"]
[EventCountry "FRA"]
[SourceTitle "EXT 2016"]
[Source "ChessBase"]
[SourceDate "2015.10.08"]
[SourceVersion "1"]
[SourceVersionDate "2015.10.08"]
[SourceQuality "1"]

1. e4 c5 2. Nf3 e6 3. d4 cxd4 4. Nxd4 Nc6 5. Nc3 Qc7 6. Be3 a6 7. a3 Nf6 8. f3 Be7 9. Qd2 b5 10. Be2 Bb7 11. g4 h6 12. Bxb5 Nxd4 13. Bxd4 axb5 14. Nxb5 Qc4 15. Bxf6 gxf6 16. Qd3 Qxd3 17. cxd3 0-0 18. Ke2 Rfc8 19. Kd2 Ba6 20. Nc3 Rab8 21. b4 Rc7 22. Rab1 Rbc8 23. Rbc1 f5 24. Ne2 Rxc1 25. Rxc1 Rxc1 26. Nxc1 Bg5+ 27. Kc2 Bxc1 28. Kxc1 fxg4 29. fxg4 Bxd3 30. e5 Kf8 31. Kd2 Bb5 32. Ke3 Ke7 33. h4 d6 34. Ke4 dxe5 35. g5 h5 36. Kxe5 Ba4 37. Kd4 Kd6 38. Ke4 Bc6+ 39. Kd4 e5+ 40. Ke3 Kd5 41. Kd3 e4+ 42. Ke3 Ke5 43. Ke2 Kd4 44. Kd2 e3+ 45. Ke1 Bb5 46. Kd1 Kc3 47. a4 Bxa4+ 48. Ke2 Kd4 49. Ke1 Bb5 50. Kd1 Kc3 51. Ke1 Kxb4 52. Kd1 Kc5 53. Ke1 Kd5 0-1

[Event "Saint Affrique op 22nd"]
[Site "Saint Affrique"]
[Date "2014.07.26"]
[Round "9"]
[White "Denechaud, Bernard"]
[Black "Nguyen, Gael"]
[Result "1-0"]
[WhiteElo "1596"]
[BlackElo "1670"]
[PlyCount "127"]
[EventDate "2014.07.19"]
[EventType "swiss"]
[EventRounds "9"]
[EventCountry "FRA"]
[SourceTitle "CBM 161 Extra"]
[Source "ChessBase"]
[SourceDate "2014.08.29"]
[SourceVersion "1"]
[SourceVersionDate "2014.08.29"]
[SourceQuality "1"]

1. Nf3 Nf6 2. g3 c5 3. Bg2 g6 4. c4 Bg7 5. Nc3 Nc6 6. 0-0 d6 7. a3 Bd7 8. Rb1 Nd4 9. e3 Nxf3+ 10. Qxf3 Bc6 11. e4 Nd7 12. Qe2 0-0 13. d3 e6 14. Bd2 Re8 15. Qd1 Rc8 16. Ne2 Nf8 17. Bc3 d5 18. Bxg7 Kxg7 19. Qc2 dxe4 20. dxe4 Qc7 21. Nc3 Nd7 22. Rfd1 a6 23. b4 b5 24. cxb5 axb5 25. bxc5 Nxc5 26. Nxb5 Qe7 27. Nd6 Ba4 28. Qc3+ Kg8 29. Nxc8 Rxc8 30. Rdc1 Bd7 31. Qe3 Na6 32. Rxc8+ Bxc8 33. e5 Qc7 34. Rc1 Qb8 35. Qc3 Bd7 36. Bc6 Bxc6 37. Qxc6 Qb2 38. Qc3 Qb5 39. Ra1 Nb8 40. a4 Qb7 41. a5 Na6 42. Qd4 Qc6 43. h4 Qb5 44. Qc3 Kg7 45. Kh2 h5 46. Ra2 Qd5 47. Rd2 Qe4 48. Ra2 Qd5 49. Qb2 Nb4 50. Ra4 Nd3 51. Qd2 Qb5 52. Ra2 Qa6 53. Qe2 Nb4 54. Qxa6 Nxa6 55. Kg2 Kf8 56. Kf3 Ke7 57. Ke4 Kd7 58. f4 Kc6 59. Kf3 Kd5 60. g4 hxg4+ 61. Kxg4 Ke4 62. Ra4+ Kd5 63. Kg5 Kc6 64. Kf6 1-0

[Event "Saint Affrique op 22nd"]
[Site "Saint Affrique"]
[Date "2014.07.20"]
[Round "2"]
[White "Bois D`Enghien, Noumea"]
[Black "Denechaud, Bernard"]
[Result "0-1"]
[WhiteElo "1240"]
[BlackElo "1596"]
[PlyCount "44"]
[EventDate "2014.07.19"]
[EventType "swiss"]
[EventRounds "9"]
[EventCountry "FRA"]
[SourceTitle "CBM 161 Extra"]
[Source "ChessBase"]
[SourceDate "2014.08.29"]
[SourceVersion "1"]
[SourceVersionDate "2014.08.29"]
[SourceQuality "1"]

1. e4 e6 2. d4 d5 3. e5 c5 4. c3 Nc6 5. Nf3 Bd7 6. g3 Qb6 7. Bg2 Nge7 8. b3 cxd4 9. cxd4 Nf5 10. Bb2 Bb4+ 11. Kf1 0-0 12. a3 Be7 13. a4 Na5 14. Na3 Nxb3 15. Rb1 Bxa4 16. Kg1 Qa5 17. Qd3 Rfc8 18. Nc2 b5 19. Ba1 Nxa1 20. Nxa1 Rc3 21. Qe2 Qc7 22. Bf1 a6 0-1

[Event "Montigny le Bretonneux op 10th"]
[Site "Montigny le Bretonneux"]
[Date "2011.10.30"]
[Round "9"]
[White "Franiatte, Sylvain"]
[Black "Denechaud, Bernard"]
[Result "1/2-1/2"]
[WhiteElo "1390"]
[BlackElo "1569"]
[PlyCount "78"]
[EventDate "2011.10.22"]
[EventType "swiss"]
[EventRounds "9"]
[EventCountry "FRA"]
[SourceTitle "EXT 2012"]
[Source "ChessBase"]
[SourceDate "2011.11.24"]
[SourceVersion "1"]
[SourceVersionDate "2011.11.24"]
[SourceQuality "1"]

1. d4 d5 2. c4 c6 3. Nc3 dxc4 4. e4 b5 5. Nf3 e6 6. Be2 Nf6 7. Bg5 Be7 8. 0-0 b4 9. Bxf6 Bxf6 10. Na4 0-0 11. Bxc4 Nd7 12. Rb1 Qa5 13. e5 Be7 14. Qc2 Bb7 15. Bd3 c5 16. Nxc5 Nxc5 17. dxc5 Rac8 18. Bxh7+ Kh8 19. Nd2 Qxc5 20. Rbc1 Qxe5 21. Qd3 Qg5 22. Qh3 Rxc1 23. Rxc1 Qh4 24. Qxh4 Bxh4 25. Be4 Rd8 26. Bxb7 Rxd2 27. Rc8+ Kh7 28. Be4+ g6 29. g3 Bf6 30. Rc7 Kg7 31. Rxa7 Bd4 32. Rb7 Rxb2 33. Bd3 Bxf2+ 34. Kf1 Bd4 35. Bc4 Bc3 36. Bxe6 Rb1+ 37. Kg2 Rb2+ 38. Kh3 Rf2 39. Bb3 Kf8 1/2-1/2

[Event "Montigny le Bretonneux op 10th"]
[Site "Montigny le Bretonneux"]
[Date "2011.10.25"]
[Round "4"]
[White "Krestinine, Michka"]
[Black "Denechaud, Bernard"]
[Result "0-1"]
[WhiteElo "1450"]
[BlackElo "1569"]
[PlyCount "54"]
[EventDate "2011.10.22"]
[EventType "swiss"]
[EventRounds "9"]
[EventCountry "FRA"]
[SourceTitle "EXT 2012"]
[Source "ChessBase"]
[SourceDate "2011.11.24"]
[SourceVersion "1"]
[SourceVersionDate "2011.11.24"]
[SourceQuality "1"]

1. e4 c6 2. Nf3 d5 3. exd5 cxd5 4. d4 Nf6 5. Bb5+ Nc6 6. Nc3 Qc7 7. 0-0 Bg4 8. a3 e6 9. Qd3 Be7 10. Ne5 Bf5 11. Qe2 0-0 12. Bxc6 bxc6 13. Bf4 Rfc8 14. Rfe1 Qb6 15. b4 Qxd4 16. Bg3 Qxc3 17. Rec1 a6 18. Nd3 Qc4 19. f3 c5 20. Bf2 cxb4 21. axb4 Bxb4 22. Ra4 Bxd3 23. Qxd3 Qxd3 24. cxd3 Rxc1+ 25. Be1 Bxe1 26. g3 h6 27. Kf1 a5 0-1

[Event "Montigny le Bretonneux-C 9th"]
[Site "Montigny le Bretonneux"]
[Date "2010.10.31"]
[Round "9"]
[White "Rivollier, Frederic"]
[Black "Denechaud, Bernard"]
[Result "1/2-1/2"]
[WhiteElo "1570"]
[BlackElo "1571"]
[PlyCount "77"]
[EventDate "2010.10.23"]
[EventType "swiss"]
[EventRounds "9"]
[EventCountry "FRA"]
[SourceTitle "EXT 2011"]
[Source "ChessBase"]
[SourceDate "2010.11.26"]
[SourceVersion "1"]
[SourceVersionDate "2010.11.26"]
[SourceQuality "1"]

1. e4 c5 2. Nf3 e6 3. c4 Nf6 4. Nc3 d5 5. exd5 exd5 6. d4 Nc6 7. dxc5 Be6 8. cxd5 Nxd5 9. Nxd5 Bxd5 10. Be2 Bxc5 11. 0-0 0-0 12. Bd2 Qb6 13. Bc3 Rad8 14. Qc2 Nb4 15. Bxb4 Bxb4 16. Qf5 Be6 17. Qb5 Bc5 18. Qxb6 Bxb6 19. a3 Rd6 20. Rfd1 Rxd1+ 21. Rxd1 Rd8 22. b4 Rxd1+ 23. Bxd1 f6 24. a4 a5 25. b5 Bc5 26. Nd2 Kf8 27. Nb3 Bb4 28. f3 b6 29. Kf2 Ke7 30. Ke3 Kd6 31. g4 g5 32. Kd4 f5 33. h3 fxg4 34. hxg4 Bd5 35. Nc1 Bc5+ 36. Kc3 Bb4+ 37. Kd4 Bc5+ 38. Kc3 Bb4+ 39. Kd4 1/2-1/2

[Event "Montigny le Bretonneux-C 9th"]
[Site "Montigny le Bretonneux"]
[Date "2010.10.30"]
[Round "8"]
[White "Kambrath, Linda"]
[Black "Denechaud, Bernard"]
[Result "1-0"]
[WhiteElo "1652"]
[BlackElo "1571"]
[PlyCount "83"]
[EventDate "2010.10.23"]
[EventType "swiss"]
[EventRounds "9"]
[EventCountry "FRA"]
[SourceTitle "EXT 2011"]
[Source "ChessBase"]
[SourceDate "2010.11.26"]
[SourceVersion "1"]
[SourceVersionDate "2010.11.26"]
[SourceQuality "1"]

1. e4 c5 2. Nf3 e6 3. c4 Nc6 4. d4 cxd4 5. Nxd4 a6 6. Nc3 Qc7 7. Be3 Nf6 8. Be2 Be7 9. 0-0 0-0 10. Rc1 b6 11. Qd2 Bb7 12. f3 Nxd4 13. Bxd4 d6 14. Na4 Nd7 15. Qb4 Bd8 16. Rfd1 a5 17. Qd2 Be7 18. Bf2 Rfd8 19. Nc3 Nc5 20. Nb5 Qd7 21. Bg3 e5 22. Qc2 Qc6 23. Nc3 Bg5 24. Nd5 Kf8 25. Rb1 Ne6 26. Bf2 Nf4 27. Nxb6 Nxe2+ 28. Qxe2 Ra6 29. Nd5 Raa8 30. b3 Ba6 31. Nc3 Rd7 32. Rd5 Bd8 33. Na4 Rb8 34. Rbd1 Bc7 35. Qd2 Bxc4 36. Rxe5 Bxb3 37. axb3 dxe5 38. Qxd7 Qb7 39. Nc5 Qc8 40. Qxc8+ Rxc8 41. Kf1 Bb6 42. Nd7+ 1-0

[Event "Montigny le Bretonneux-C 9th"]
[Site "Montigny le Bretonneux"]
[Date "2010.10.27"]
[Round "5"]
[White "Denechaud, Bernard"]
[Black "Rivollier, Frederic"]
[Result "1-0"]
[WhiteElo "1571"]
[BlackElo "1570"]
[PlyCount "99"]
[EventDate "2010.10.23"]
[EventType "swiss"]
[EventRounds "9"]
[EventCountry "FRA"]
[SourceTitle "EXT 2011"]
[Source "ChessBase"]
[SourceDate "2010.11.26"]
[SourceVersion "1"]
[SourceVersionDate "2010.11.26"]
[SourceQuality "1"]

1. e4 e5 2. Bc4 Nf6 3. d3 Nc6 4. c3 d5 5. exd5 Nxd5 6. Nf3 Be7 7. 0-0 0-0 8. Bb3 Bg4 9. h3 Bxf3 10. Qxf3 Nb6 11. Nd2 Bg5 12. Ne4 Bxc1 13. Raxc1 Nd7 14. Rcd1 Qe7 15. Rfe1 Kh8 16. Nd2 Qf6 17. Bd5 Qxf3 18. Nxf3 f6 19. Bxc6 bxc6 20. d4 exd4 21. Nxd4 Ne5 22. f4 c5 23. Ne6 Rf7 24. fxe5 fxe5 25. Rxe5 h6 26. Rxc5 Rb8 27. b3 Re7 28. Nd4 Rd8 29. Rf1 Rde8 30. a4 a6 31. a5 Re5 32. Rxe5 Rxe5 33. b4 Re3 34. Rf3 Rxf3 35. Nxf3 Kg8 36. Nd2 Kf7 37. Kf2 Ke6 38. Ke3 Kd5 39. Kd3 c5 40. c4+ Kc6 41. Kc3 g5 42. Nb3 cxb4+ 43. Kxb4 h5 44. g3 g4 45. h4 Kb7 46. Kc5 Kc7 47. Kd5 Kb7 48. c5 Kc7 49. c6 Kb8 50. Nc5 1-0

[Event "Montigny le Bretonneux-C 9th"]
[Site "Montigny le Bretonneux"]
[Date "2010.10.24"]
[Round "2"]
[White "Denechaud, Bernard"]
[Black "Guillet, Jacques"]
[Result "1-0"]
[WhiteElo "1571"]
[BlackElo "1568"]
[PlyCount "53"]
[EventDate "2010.10.23"]
[EventType "swiss"]
[EventRounds "9"]
[EventCountry "FRA"]
[SourceTitle "EXT 2011"]
[Source "ChessBase"]
[SourceDate "2010.11.26"]
[SourceVersion "1"]
[SourceVersionDate "2010.11.26"]
[SourceQuality "1"]

1. d4 Nf6 2. Bf4 g6 3. e3 Bg7 4. Nf3 d6 5. Be2 0-0 6. 0-0 Nh5 7. Bg5 h6 8. Bh4 g5 9. Nfd2 Nf4 10. exf4 gxh4 11. c3 e5 12. fxe5 dxe5 13. dxe5 Bxe5 14. Bg4 f5 15. Qb3+ Kh7 16. Bf3 c6 17. Nc4 Bc7 18. Qc2 b5 19. Ne3 Qd6 20. g3 hxg3 21. hxg3 Qg6 22. Bg2 Be6 23. Re1 a5 24. Nd2 Ra7 25. Nf3 Bd8 26. Ne5 Qe8 27. Bh3 1-0

[Event "Montigny le Bretonneux-C 9th"]
[Site "Montigny le Bretonneux"]
[Date "2010.10.23"]
[Round "1"]
[White "Saiovici, Adina"]
[Black "Denechaud, Bernard"]
[Result "0-1"]
[WhiteElo "1254"]
[BlackElo "1571"]
[PlyCount "104"]
[EventDate "2010.10.23"]
[EventType "swiss"]
[EventRounds "9"]
[EventCountry "FRA"]
[SourceTitle "EXT 2011"]
[Source "ChessBase"]
[SourceDate "2010.11.26"]
[SourceVersion "1"]
[SourceVersionDate "2010.11.26"]
[SourceQuality "1"]

1. d4 e6 2. Nf3 f5 3. Bg5 Nf6 4. Nbd2 d5 5. e3 c6 6. c4 Bd6 7. c5 Bc7 8. Bd3 0-0 9. 0-0 Bd7 10. Ne5 Be8 11. Be2 h6 12. Bh4 g5 13. Bg3 Nbd7 14. Nxd7 Qxd7 15. Bxc7 Qxc7 16. b4 a6 17. Nf3 Ne4 18. Qc2 Qg7 19. Bd3 Rc8 20. a4 Bh5 21. Ne5 Rc7 22. f3 Nf6 23. b5 Ra8 24. bxc6 bxc6 25. Qe2 Nd7 26. Bxa6 Nxe5 27. dxe5 Rca7 28. Bd3 Rxa4 29. Rxa4 Rxa4 30. Bb5 cxb5 31. Qxb5 Rc4 32. Qb8+ Qf8 33. Qd6 Bf7 34. Ra1 Rxc5 35. Qxf8+ Kxf8 36. Kf2 Kg7 37. f4 gxf4 38. exf4 Rc4 39. Ke3 Rc2 40. Rg1 Bh5 41. h3 Re2+ 42. Kd4 Re4+ 43. Kc5 Rxf4 44. Re1 Re4 45. Rc1 Rxe5 46. Rc3 Kf6 47. Kd4 Re4+ 48. Kc5 Be2 49. g3 Rc4+ 50. Rxc4 Bxc4 51. Kd4 e5+ 52. Kc3 Kg5 0-1

[Event "IECC CL5-2010.11 email"]
[Site "IECC email"]
[Date "2010.09.02"]
[Round "?"]
[White "Denechaud, Bernard"]
[Black "D'Aragona, Vittoria"]
[Result "0-1"]
[WhiteElo "1516"]
[BlackElo "1437"]
[PlyCount "62"]
[EventDate "2010.??.??"]
[EventType "tourn (corr)"]
[EventRounds "4"]
[SourceTitle "Telechess CBM 149"]
[Source "ChessBase"]
[SourceDate "2012.07.17"]
[SourceVersion "1"]
[SourceVersionDate "2012.07.17"]
[SourceQuality "1"]
[WhiteTeam "France"]
[BlackTeam "Italy"]
[WhiteTeamCountry "FRA"]
[BlackTeamCountry "ITA"]

1. e4 e6 2. d3 Nc6 3. Nf3 Nf6 4. g3 Be7 5. Bg2 0-0 6. 0-0 d5 7. Nbd2 dxe4 8. dxe4 e5 9. c3 Be6 10. Qe2 Qd7 11. Nc4 Bxc4 12. Qxc4 Rfd8 13. Re1 a6 14. Qb3 h6 15. Qc2 a5 16. Bf1 Qg4 17. Bg2 Bc5 18. Qe2 Rd6 19. h3 Qxg3 20. Be3 Bxe3 21. Qxe3 Qg6 22. Kh1 Rad8 23. Bf1 Nh5 24. Nh4 Qf6 25. Nf5 Rd2 26. b3 Ne7 27. Nxe7+ Qxe7 28. Bc4 Qh4 29. Rf1 Nf6 30. Bd5 Ng4 31. Qg3 Nxf2+ 0-1

[Event "IECC CL5-2010.11 email"]
[Site "IECC email"]
[Date "2010.09.02"]
[Round "?"]
[White "Katsantoulas, Thanasis"]
[Black "Denechaud, Bernard"]
[Result "0-1"]
[WhiteElo "1450"]
[BlackElo "1496"]
[PlyCount "70"]
[EventDate "2010.??.??"]
[EventType "tourn (corr)"]
[EventRounds "4"]
[SourceTitle "Telechess CBM 149"]
[Source "ChessBase"]
[SourceDate "2012.07.17"]
[SourceVersion "1"]
[SourceVersionDate "2012.07.17"]
[SourceQuality "1"]
[WhiteTeam "Greece"]
[BlackTeam "France"]
[WhiteTeamCountry "GRE"]
[BlackTeamCountry "FRA"]

1. d4 d5 2. c4 c6 3. Nf3 Nf6 4. Nc3 dxc4 5. a4 Bf5 6. e3 e6 7. Bxc4 Bb4 8. Bd2 0-0 9. 0-0 Nbd7 10. Re1 a5 11. b3 Bg6 12. Ne2 Qe7 13. Ng3 c5 14. Nh4 Be4 15. Bxb4 cxb4 16. Rc1 Nb6 17. Bf1 Rfd8 18. f3 Bc6 19. e4 Nxe4 20. fxe4 Qxh4 21. Rc2 Qf6 22. Rd2 Qe7 23. Be2 Rac8 24. Bf3 e5 25. d5 Be8 26. d6 Qg5 27. Bg4 Bd7 28. Nf5 Kh8 29. Rf1 Rc3 30. Rf3 Qxg4 31. Qe2 Rc1+ 32. Kf2 Be6 33. Rd5 Nxd5 34. exd5 Bxf5 35. h3 Qd4+ 0-1

[Event "Montigny le Bretonneux-C final 7th"]
[Site "Montigny le Bretonneux"]
[Date "2008.11.02"]
[Round "2"]
[White "Denechaud, Bernard"]
[Black "Sancey, Frederic"]
[Result "1-0"]
[WhiteElo "1499"]
[BlackElo "1050"]
[PlyCount "57"]
[EventDate "2008.11.01"]
[EventType "tourn"]
[EventRounds "2"]
[EventCountry "FRA"]
[SourceTitle "EXT 2010"]
[Source "ChessBase"]
[SourceDate "2010.11.25"]
[SourceVersion "1"]
[SourceVersionDate "2010.11.25"]
[SourceQuality "1"]

1. c4 e5 2. Nc3 Nf6 3. Nf3 d6 4. g3 Nc6 5. Bg2 Be6 6. d3 d5 7. b3 Bc5 8. h3 d4 9. Ne4 Bb4+ 10. Nfd2 0-0 11. a3 Ba5 12. b4 Bb6 13. c5 Bd5 14. cxb6 Qd7 15. bxc7 Qxc7 16. 0-0 a5 17. Nxf6+ gxf6 18. Bxd5 Ne7 19. Bg2 Nf5 20. bxa5 Rxa5 21. Ne4 Qc6 22. e3 dxe3 23. Qg4+ Ng7 24. fxe3 Re8 25. Nxf6+ Kf8 26. Bxc6 bxc6 27. Nxe8 Nxe8 28. e4 Nf6 29. Rxf6 1-0

[Event "Montigny le Bretonneux-C 7th"]
[Site "Montigny le Bretonneux"]
[Date "2008.10.30"]
[Round "6"]
[White "Grandjean, Anthony"]
[Black "Denechaud, Bernard"]
[Result "1-0"]
[WhiteElo "1635"]
[BlackElo "1499"]
[PlyCount "109"]
[EventDate "2008.10.25"]
[EventType "tourn"]
[EventRounds "7"]
[EventCountry "FRA"]
[SourceTitle "EXT 2010"]
[Source "ChessBase"]
[SourceDate "2010.11.25"]
[SourceVersion "1"]
[SourceVersionDate "2010.11.25"]
[SourceQuality "1"]

1. e4 e6 2. d4 c5 3. d5 d6 4. Bb5+ Bd7 5. Bxd7+ Nxd7 6. dxe6 fxe6 7. Qh5+ g6 8. Qg4 Qe7 9. Bg5 Ngf6 10. Qf3 Bg7 11. Nc3 0-0-0 12. 0-0-0 Ne5 13. Qe2 h6 14. Bh4 g5 15. Bg3 Nc6 16. Nb5 Nd4 17. Nxd4 cxd4 18. Rxd4 e5 19. Ra4 Kb8 20. f3 Rc8 21. Bf2 b6 22. Qa6 Qc7 23. c3 Nd7 24. Ne2 Nc5 25. Bxc5 dxc5 26. Rd1 Rcd8 27. Rxd8+ Rxd8 28. Kb1 Qd7 29. Nc1 h5 30. Ra3 g4 31. fxg4 hxg4 32. Qe2 Bh6 33. c4 Qe6 34. Rd3 Rd4 35. Rxd4 exd4 36. b3 Qg6 37. Nd3 Qg5 38. e5 Qe3 39. Qxe3 dxe3 40. Kc2 Kc7 41. g3 Kd7 42. Nf4 Bg7 43. Kd3 Bxe5 44. Kxe3 Bd4+ 45. Ke4 Bg1 46. Ne2 Bxh2 47. Kf4 Bxg3+ 48. Nxg3 Ke6 49. Kxg4 Ke5 50. Nf5 Ke4 51. Ne7 Kd3 52. Nc8 Kc2 53. Nxa7 Kb2 54. Nc8 Kxa2 55. Nxb6 1-0

[Event "Montigny le Bretonneux-C 7th"]
[Site "Montigny le Bretonneux"]
[Date "2008.10.25"]
[Round "1"]
[White "Bot, Florian"]
[Black "Denechaud, Bernard"]
[Result "1-0"]
[WhiteElo "1467"]
[BlackElo "1499"]
[PlyCount "31"]
[EventDate "2008.10.25"]
[EventType "tourn"]
[EventRounds "7"]
[EventCountry "FRA"]
[SourceTitle "EXT 2010"]
[Source "ChessBase"]
[SourceDate "2010.11.25"]
[SourceVersion "1"]
[SourceVersionDate "2010.11.25"]
[SourceQuality "1"]

1. b4 e5 2. Bb2 Bxb4 3. f4 exf4 4. Bxg7 Qh4+ 5. g3 fxg3 6. Bg2 gxh2+ 7. Kf1 hxg1Q+ 8. Kxg1 Nf6 9. Rxh4 Rg8 10. Bxf6 Bc5+ 11. d4 Bb6 12. Qd3 d6 13. Qxh7 Rf8 14. Re4+ Be6 15. Rxe6+ fxe6 16. Qe7# 1-0